| 000 | 01834cam a2200373 i 4500 | ||
|---|---|---|---|
| 001 | 1867 | ||
| 003 | FISKH | ||
| 005 | 20231006100634.0 | ||
| 008 | 180622s2019 nyua j 000 0 eng | ||
| 010 | _a 2018026544 | ||
| 020 | _a9781338217193 (pbk.) | ||
| 040 |
_aDLC _beng _cDLC _erda _dDLC |
||
| 042 | _apcc | ||
| 050 | 0 | 0 |
_aTD792 _b.A77 2019 |
| 082 | 0 | 0 |
_a628.4/4564 _223 |
| 100 | 1 |
_aArnold, Tedd, _eauthor. |
|
| 245 | 1 | 0 |
_aFly Guy presents : _bGarbage & recycling / _cTedd Arnold. |
| 264 | 1 |
_aNew York : _bScholastic, _c2019. |
|
| 300 |
_a32 unnumbered pages : _bcolor illustrations ; _c23 cm. |
||
| 336 |
_atext _btxt _2rdacontent |
||
| 337 |
_aunmediated _bn _2rdamedia |
||
| 338 |
_avolume _bnc _2rdacarrier |
||
| 490 | 0 | _aFly guy presents | |
| 505 | _aW | ||
| 520 | _aFly Guy and Buzz visit a landfill to discover where their garbage goes. They learn all about garbage trucks, trash sorting, bacteria, and how landfills can be more environmentally friendly. They also visit a recycling plant to learn about how recycling programs get started, the recycling cycle, and what happens when trash isn't properly disposed of. There are even tips for how readers can help keep our planet healthy! Award-winning author-illustrator Tedd Arnold brings nonfiction to life for beginning readers. There are humorous illustrations and engaging photographs throughout. The front cover features eye-catching holographic foil!. | ||
| 521 | 1 |
_a870
_bLexile |
|
| 521 | 1 |
_aW
_bRaz-Plus |
|
| 521 | 2 | _aK to grade 3. | |
| 650 | 0 |
_aRefuse and refuse disposal _vJuvenile literature. |
|
| 650 | 0 |
_aRecycling (Waste, etc.) _vJuvenile literature. |
|
| 906 |
_a7 _bcbc _corignew _d1 _eecip _f20 _gy-gencatlg |
||
| 942 |
_2ddc _cBK _n0 |
||
| 999 |
_c1867 _d1867 |
||